| 000 | 00711nam a2200253Ia 4500 | ||
|---|---|---|---|
| 003 | OSt | ||
| 005 | 20140428103917.0 | ||
| 008 | 140130s9999 xx 000 0 und d | ||
| 020 | _a0590489100 | ||
| 050 |
_aG 175 _b.F75 1994 |
||
| 100 | _aFritz, Jean. | ||
| 245 |
_cJean Fritz. _aAround the world in 100 years : _bfrom Henry the navigator to Magellan / |
||
| 260 |
_bScholastic Inc., _aUSA : _cc1994. |
||
| 300 |
_a121 p. : _bcol. ill. ; _c23 cm. |
||
| 521 | _aG12 | ||
| 526 | _c1050 | ||
| 650 |
_aExplorers _xJuvenile literature. |
||
| 650 |
_aDiscoveries in geography _xJuvenile literature. |
||
| 650 | _aExplorers. | ||
| 942 |
_cBK _2lcc |
||
| 999 |
_c41401 _d41401 |
||